00000000nam 2200000za 4500
0019.822193
003CaOODSP
00520250127134427
007cr |||||||||||
008160808s2014    oncao|| o    f000 0 amh d
040 |aCaOODSP|beng
043 |an-cn---
0861 |aCi44-18/2014Amh-PDF
24500|a[Government-Assisted Refugee resettlement in Canada |h[electronic resource] : |binformation bulletin].
250 |a[Amharic edition].
260 |a[Ottawa] : |bCitizenship and Immigration Canada, |c[2014].
300 |a7 p. : |bcol. ill.
500 |a"Amharic."
500 |a"GAR."
500 |aEnglish title supplied by publisher.
500 |aIssued also in French, Arabic, Dari, Farsi, Nepali, Oromo, Somali, Spanish, Swahili and Tigrinya.
500 |aIssued also in English under title: Government-Assisted Refugee resettlement in Canada: information bulletin.
5200 |aThis bulletin, written in Amharic, provides information about the steps in the resettlement process once a Government-Assisted Refugee (GAR) has been accepted, and gives more information about Canada. Includes information on resettling the family, immigration status, where to live in Canada, Canadian society, sponsoring the family, finding a job, expenses, school, dental care, food and water, religion, and weather.
546 |aText in Amharic.
69207|2gccst|aRefugees
69207|2gccst|aImmigrants
69207|2gccst|aFederal programs
7101 |aCanada. |bCitizenship and Immigration Canada.
77508|tGovernment-Assisted Refugee resettlement in Canada |w(CaOODSP)9.822182
792 |t[Réfugiés pris en charge par le gouvernement, réinstallation des réfugiés au Canada |efre|w(CaOODSP)9.822210
794 |t[Government-Assisted Refugee Program] : |b2019|w(CaOODSP)9.880428
85640|qPDF|s1.43 MB|uhttps://publications.gc.ca/collections/collection_2016/ircc/Ci44-18-2014-amh.pdf